书目信息 |
| 题名: |
心理治疗与咨询的理论及案例
|
|
| 作者: | 沙夫, ;胡佩斌 译 | |
| 分册: | 上 | |
| 出版信息: | 北京 中国轻工业出版社 2000.10 |
|
| 页数: | 367页 | |
| 开本: | 21cm | |
| 丛书名: | 心理学丛书 | |
| 单 册: | ||
| 中图分类: | R395.6 | |
| 科图分类: | ||
| 主题词: | 心理卫生--精神治疗 | |
| 电子资源: | ||
| ISBN: | 7-5019-2835-5 | |
| 000 | 01163nam 2200277 450 | |
| 001 | 0141501850 | |
| 005 | 20050906164134.58 | |
| 010 | @a7-5019-2835-5@dCNY50.00(全二册) | |
| 100 | @a20050605d2000 km y0chiy0120 ea | |
| 101 | 0 | @achi@ceng |
| 102 | @aCN@b110000 | |
| 105 | @aa z 000yy | |
| 200 | 1 | @a心理治疗与咨询的理论及案例@Axin li zhi liao yu zi xun de li lun ji an li@d= Theories of psychotherapy and counseling,concepts and cases@h上@f(美) Richard S. Sharf@F(mei)Richard S.Sharf@g胡佩斌等译@Ghu pei bin deng yi@zeng |
| 210 | @a北京@c中国轻工业出版社@d2000.10 | |
| 215 | @a367页@c图@d21cm | |
| 225 | 2 | @a心理学丛书@i心理咨询与治疗系列 |
| 330 | @a本书介绍了心理咨询与治疗的理论,包括:精神分析疗法、荣格心理学、行为疗法、认知疗法、现实疗法、家庭系统疗法等12种疗法。本册为上册。 | |
| 410 | 0 | @12001 @a心理学丛书 |
| 410 | 0 | @12001 @a心理咨询与治疗系列 |
| 510 | 1 | @aTheories of psychotherapy and counseling,concepts and cases@zeng |
| 606 | 0 | @a心理卫生@x精神治疗 |
| 690 | @aR395.6@v4 | |
| 701 | 1 | @a沙夫,@Asha fu,@bR. S.@g(Sharf, Richard S.) |
| 702 | 0 | @a胡佩斌@Ahu pei bin@4译 |
| 801 | 0 | @aCN@bQSSK@c20050906 |
| 905 | @a10447@dR395.6@eS055:1 | |
| 心理治疗与咨询的理论及案例= Theories of psychotherapy and counseling,concepts and cases.上/(美) Richard S. Sharf/胡佩斌等译.-北京:中国轻工业出版社,2000.10 |
| 367页:图;21cm.-(心理学丛书.心理咨询与治疗系列) |
| ISBN 7-5019-2835-5:CNY50.00(全二册) |
| 本书介绍了心理咨询与治疗的理论,包括:精神分析疗法、荣格心理学、行为疗法、认知疗法、现实疗法、家庭系统疗法等12种疗法。本册为上册。 |
| ● |
| 相关链接 |
|
|
|
正题名:心理治疗与咨询的理论及案例
索取号:R395.6/S055:1
 
预约/预借
| 序号 | 登录号 | 条形码 | 馆藏地/架位号 | 状态 | 备注 |
| 1 | 561018 | 205610187 | 自科库401/401自科库 15排4列5层/ [索取号:R395.6/S055:1] | 在馆 | |
| 2 | 561019 | 205610196 | 自科库401/401自科库 15排4列5层/ [索取号:R395.6/S055:1] | 在馆 | |
| 3 | 561020 | 205610203 | 自科库401/401自科库 15排4列5层/ [索取号:R395.6/S055:1] | 在馆 |